| 000 | 01194cam a22003135a 4500 | ||
|---|---|---|---|
| 005 | 20150817102613.0 | ||
| 008 | 081118t2004 enka|||frb||| 001 0 eng d | ||
| 010 | _a 2003063093 | ||
| 020 | _a0470847727 (pbk.) | ||
| 020 | _a9780470847725 | ||
| 040 |
_aEG-ScBUE _beng _cEG-ScBUE |
||
| 082 | 0 | 0 |
_a003.3 _bROB _222 |
| 100 | 1 | _aRobinson, Stewart, | |
| 245 | 1 | 0 |
_aSimulation : _bthe practice of model development and use / _cStewart Robinson. |
| 246 | 3 | 0 | _aPractice of model development and use |
| 260 |
_aChichester : _bJohn Wiley & Sons, _cc.2004. |
||
| 300 |
_axix, 316 p. : _bill. ; _c24 cm. |
||
| 500 | _aIndex : p. 305-316. | ||
| 504 | _aIncludes bibliographical references. | ||
| 590 | _adoaa mohamed | ||
| 650 | 0 |
_aComputer simulation. _2BUEsh |
|
| 650 | 0 |
_aSimulation methods. _2BUEsh |
|
| 651 | _2BUEsh | ||
| 653 |
_bCOMSCI _cAugust2015 |
||
| 856 | 4 | 2 |
_3Contributor biographical information _uhttp://www.loc.gov/catdir/bios/wiley045/2003063093.html |
| 856 | 4 | 2 |
_3Publisher description _uhttp://www.loc.gov/catdir/description/wiley041/2003063093.html |
| 856 | 4 | 2 |
_3Table of contents _uhttp://www.loc.gov/catdir/toc/wiley041/2003063093.html |
| 942 |
_cBB _k003.3ROB _2ddc |
||
| 999 |
_c7431 _d7431 |
||